000
00321nam a22001457a 4500
020
_a
81-7478-644-9
082
_a
920
_b
SRI/B
100
_a
SRINIVASAN,ARCHANA
245
_a
BIO-SPORTING LEGENDS
250
_a
FIRST
260
_a
CHENNAI
_b
SURA BOOKS
_c
2005
300
_a
92
650
_a
BIOGRAPHIES
_z
CHENNAI
942
_c
BK
999
_c
6440
_d
6440